Представление документа в формате RUSMARC

ПолеНазваниеЗначение
  Тип записи a
  Библиографический уровень m
001 Контрольный номер LIBNET\0001497181
005 Дата корректировки 20260630155927.3
010 Индекс ISBN __
a ISBN 978-5-227-10879-1
b Уточнения в пер.
100 Данные общей обработки __
a Данные общей обработки 20260525d2025####m##y0rusy50 ca
101 Язык документа 0_
a Язык текста rus
102 Страна публикации __
a Страна публикации RU
105 Кодированные данные (монография) __
a Кодированные данные (монография) a###z###000ya
200 Заглавие и сведения об ответственности 1_
a Заглавие Мемуары знатной дамы: путь от фрейлины до эмигрантки. Из потонувшего мира
e Сведения, относящиеся к заглавию графиня Мария Клейнмихель о прошлом Российской империи
203 Вид содержания и тип средства __
a Вид содержания Текст
c Тип средства непосредственный
b Характеристика содержания визуальный
210 Выходные данные 1_
a Место издания Москва
c Издательство Центрполиграф
d Дата издания 2025
215 Физическое описание __
a Объем 254, [1] с.
c Иллюстрации/тип воспроизводства ил.
d Формат 21 см
517 Другие варианты заглавия 1_
a Другие варианты заглавия Из потонувшего мира
607 Географические рубрики __
a Географическое наименование Россия
x Тематический подзаголовок История
z Хронологический подзаголовок 2-я пол. 19 - нач. 20 вв.
j Формальный подзаголовок Воспоминания и записки
610 Ключевые слова 0_
a Ключевые слова история России 19-20 вв.; жизнь и деятельность М. Э. Клейнмихель; воспоминания графини Клейнмихель
686 Индексы других классификаций __
a Классификационный индекс 63.3(2)522ю14
2 Код системы rubbk
686 Индексы других классификаций __
a Классификационный индекс 63.3(2)53ю14
2 Код системы rubbk
700 Автор _1
a Фамилия Клейнмихель
b Имя (инициалы) М. Э.
g Полное личное имя Мария Эдуардовна
801 Источник записи _0
a Страна RU
b Организация Пензенская ОБ
c Дата составления 20250909
g Правила каталогизации bzbo
801 Источник записи _1
a Страна RU
b Организация Пензенская ОБ
c Дата составления 20250909
g Правила каталогизации rcr
2 Код формата rusmarc
801 Источник записи _2
a Страна RU
b Организация Ульяновская ОНБ
c Дата составления 20260525
g Правила каталогизации RCR
900 Электронные ресурсы __
a Имя электронного ресурса цп20260228
900 Электронные ресурсы __
a Имя электронного ресурса цп20260229
901 Тип документа __
t Тип документа m
909 Создатель записи __
a Создатель записи Полковникова
b Дата создания записи 20260525
910 Корректоры записи __
a Корректор записи Пряхина
b Дата внесения изменения в запись 20260630